000 01749namaa2200337 i 4500
003 EG-GICUC
005 20260309104524.0
008 260218s1979 ua |||jr|||| 000 0 ara d
040 _aEG-GiCUC
_bara
_cEG-GiCUC
_dEG-GiCUC
_erda
082 0 4 _221
_a235.1
_bB9329
092 0 4 _221
_a235.1
_bB9329
099 _a235.1 B9329
100 1 _aالبخارى، ابى عبد الله محمد بن اسماعيل
_eمؤلف.
245 1 2 _aالجامع الصحيح :
_bالمسند من حديث رسول الله وسننه وأيامه /
_cلأبى عبد الله محمد بن إسماعيل البخارى ؛ قام بشرحه وتصحيح تجاربه وتحقيقه محب الدين الخطيب ؛ رقم كتبه وابوابه وأحاديثه واستقصى أطرافه محمد فؤاد عبد الباقى ؛ نشره وراجعه وقام بإخراجه وأشرف على طبعه قصى محب الدين الخطيب.
250 _aالطبعة الاولى
264 _aالقاهرة (مصر) :
_bالمكتبة السلفية،
_c[1979].
300 _a4 مجدات ؛
_c28 سم
_bإيضاحيات، صور، مثيليات ؛ Illustrations
336 _2rdacontent
_atext
337 _2rdamedia
_aUnmediated
338 _2rdacarrier
_avolume
504 _aيشتمل على ارجاعات ببلويجرافية.
541 _aد. جابر عصفور ؛
_bالقاهرة ؛
_cإهداء ؛
_d2024.
650 1 7 _aالحديث
_2qrmak
650 1 7 _aالحديث
_xصحيح البخارى
_2qrmak
651 1 _2qrmak
700 1 _aالخطيب، محب الدين
_eمحقق.
700 1 _aعبد الباقى، محمد فؤاد
700 1 _aالخطيب، قصى محب الدين
905 _aAya
942 _2ddc
_cBK
_e21
_n0
999 _c178583
_d178583